000 00577nam a2200193Ia 4500
005 20260114185626.0
008 008 260114s9999 xx 000 0 eng d
020 _a9781474288231
037 _aEBOOK
040 _aCRL
_beng
_cCRL
041 _aeng
_2eng
084 _qCRL
100 _aR. A. Humphreys
_9872376
245 0 _aLatin America and the Second World War Volume 1: 1939 - 1942
260 _bBloomsbury
_c2016
856 _uhttps://doi.org/10.5040/9781474288231?locatt=label:secondary_bloomsburyCollections
942 _cEBOOK
999 _c1471324
_d1471324